Seas by countries QCC - Statistics

General Stats
  • This quiz has been taken 19 times
  • The average score is 11 of 14
Answer Stats
Countries it touches Answer % Correct
Turkey, Georgia, Romania, Russia+ some others Black Sea
95%
Iran, Azerbaijan, Kazakhstan, Russia + others Caspian Sea
95%
Latvia, Lithuania, Estonia, Poland + few others Baltic Sea
89%
Netherlands, UK, Germany, Belgium + some others North Sea
89%
Vietnam, Philippines+ maybe some others South China Sea
89%
Italy, Croatia, Albania, Bosnia And Herzegovina +2 others Adriatic Sea
84%
Egypt, Sudan, Saudi Arabia, Eritrea + few others Red Sea
84%
Yemen, Oman, India, UAE + maybe others Arabian Sea
79%
Greece, Turkey Aegean Sea
74%
UK, Ireland Irish Sea
74%
Australia, New Zealand Tasman Sea
68%
Turkey, Greece, Spain, Italy + many others Mediterranean Sea
58%
Norway, Iceland Norwegian Sea
53%
Greece, Italy Ionian Sea
42%
No matching quizzes found
Score Distribution
Percent of People with Each Score
Percentile by Number Answered
Your Score History
You have not taken this quiz